00540nam a22001695i 450000100060000000300090000600500170001500700030003200800410003504000200007610000380009624501010013425000130023526000780024830000220032685200220034868829ES-MaACL20251004063114.0t|960829s1842 fr ||||1| fre d aCAM bspa cCAM1 aGirardin, Émile de, d1806-188110aDe l'instruction publique en France b: ouvrage utile aux familles / cpar M. Emile de Girardin. a3e éd. aParis : bMairet et Fournier, c1842 (fImprimerie de Hennuyer et Turpin) a481 p. ; c18 cm. aES-MaACLjG-10315